[Event "11. Longericher Sommer-Open A"]
[Site "?"]
[Date "2014.08.03"]
[Round "5.11"]
[White "Schäfers, Andreas"]
[Black "Hajek, Florian"]
[Result "1-0"]
[WhiteElo "2023"]
[BlackElo "1879"]
[PlyCount "109"]
[EventDate "2015.??.??"]
[WhiteTeam "SV Koblenz 03/25"]
[BlackTeam "Pulheimer Sport-Club 1924/57 e.V"]

1. d4 c5 2. d5 d6 3. Nf3 Nf6 4. Nc3 e6 5. g3 exd5 6. Nxd5 Nc6 7. Bg5 Be7 8.
Nxe7 Qxe7 9. Bg2 O-O 10. O-O h6 11. Bf4 Rd8 12. Re1 d5 13. c3 Be6 14. Ne5 Nxe5
15. Bxe5 Ne8 16. Bf4 Qd7 17. h4 Nf6 18. Qc2 b6 19. Rad1 Rac8 20. e4 Qb7 21.
exd5 Bxd5 22. Bh3 Bf3 23. Rd2 Bg4 24. Bg2 Bf3 25. Bh3 Bg4 26. Bxg4 Nxg4 27.
Rde2 Nf6 28. Qf5 Qd7 29. Qxd7 Rxd7 30. Re7 Rcd8 31. Kg2 Kf8 32. Rxd7 Rxd7 33.
Kf3 Rd3+ 34. Re3 Rxe3+ 35. Kxe3 a6 36. f3 Ke7 37. c4 Ke6 38. g4 Nd7 39. Ke4
Nf6+ 40. Ke3 Nd7 41. Bc7 f5 42. Kf4 fxg4 43. fxg4 g6 44. a4 Kf7 45. g5 h5 46.
Ke4 Ke6 47. b3 Nf8 48. Bxb6 Nd7 49. Bc7 Nf8 50. Bg3 Nd7 51. a5 Nf8 52. Be1 Nd7
53. Bc3 Kd6 54. b4 Kc6 55. Bd2 1-0

[Event "11. Longericher Sommer-Open A"]
[Site "?"]
[Date "2014.08.03"]
[Round "5.12"]
[White "Zilberman, Rodion"]
[Black "Gramb, Marius"]
[Result "1-0"]
[WhiteElo "1776"]
[BlackElo "1990"]
[PlyCount "151"]
[EventDate "2015.??.??"]
[WhiteTeam "SF Köln-Longerich 195"]
[BlackTeam "Brühler SK 1920 e.V."]

1. d4 Nf6 2. c4 e5 3. dxe5 Ng4 4. Bf4 Nc6 5. Nf3 Bb4+ 6. Nbd2 Qe7 7. e3 Ngxe5
8. Nxe5 Nxe5 9. a3 Bd6 10. Ne4 Nxc4 11. Nxd6+ Nxd6 12. Rc1 O-O 13. Rxc7 Ne4 14.
Bd3 g5 15. Bg3 f5 16. Bc4+ Kg7 17. Qd4+ Kg6 18. Be5 Re8 19. f4 gxf4 20. Bxf4
Qf6 21. Qxf6+ Nxf6 22. O-O d5 23. Bb5 Re6 24. Rf3 Nh5 25. Bd3 Rc6 26. Re7 Re6
27. Rxe6+ Bxe6 28. Be5 Kg5 29. g3 Rg8 30. Rf2 Nf6 31. Rc2 Rc8 32. h4+ Kg6 33.
Bd4 Rxc2 34. Bxc2 a6 35. Kg2 h5 36. Kf3 Ng4 37. a4 Bd7 38. a5 Bc6 39. Kf4 Bd7
40. Bb3 Be6 41. Ba4 Kf7 42. Kg5 Nf2 43. Kxh5 Ne4 44. Be5 Nc5 45. Bc2 Bd7 46.
Kg5 Ne6+ 47. Kh6 Nc5 48. Bd4 Ne4 49. Bxe4 dxe4 50. Kg5 Be6 51. h5 Bd7 52. h6
Kg8 53. Kg6 Be8+ 54. Kxf5 Kh7 55. Bg7 Bg6+ 56. Ke5 Kg8 57. Kf6 Kh7 58. g4 Be8
59. g5 Bg6 60. Ke7 Bh5 61. Kd7 Kg6 62. Kc7 Be2 63. Kxb7 Bb5 64. Kc7 Bc4 65. Kd6
Bb5 66. Ke5 Bc6 67. b4 Bb7 68. Kd6 Kh7 69. Kc5 Kg6 70. b5 axb5 71. Kxb5 Bc8 72.
a6 Bd7+ 73. Kb6 Be6 74. Kb7 Bg8 75. a7 Kxg5 76. h7 1-0

[Event "11. Longericher Sommer-Open A"]
[Site "?"]
[Date "2014.08.03"]
[Round "5.13"]
[White "Evers, Leo"]
[Black "Levink, Clemens"]
[Result "1-0"]
[WhiteElo "2087"]
[BlackElo "1806"]
[PlyCount "71"]
[EventDate "2015.??.??"]
[WhiteTeam "SG Porz e.V."]
[BlackTeam "SV Het Casteel (NL)"]

1. d4 Nf6 2. c4 c5 3. d5 e6 4. Nc3 exd5 5. cxd5 d6 6. g3 g6 7. Bg2 Bg7 8. Nf3
O-O 9. O-O Re8 10. Nd2 a6 11. a4 Nbd7 12. h3 Rb8 13. Nc4 Qc7 14. Na3 Bf8 15. e4
b6 16. Kh2 Bb7 17. f4 Bg7 18. Nc4 Rf8 19. Ra3 Ne8 20. Re1 Bc8 21. e5 b5 22. e6
fxe6 23. dxe6 Ndf6 24. axb5 axb5 25. e7 Rf7 26. Nd5 Nxd5 27. Bxd5 Bd4 28. Ne3
Bb7 29. Ra7 Qb6 30. Rxb7 Rxb7 31. Ng4 Kg7 32. Bxf7 Kxf7 33. Qf3 Rxe7 34. Qd5+
Kf8 35. Nh6 Qb7 36. Qg8# 1-0

[Event "11. Longericher Sommer-Open A"]
[Site "?"]
[Date "2014.08.03"]
[Round "5.14"]
[White "Statz, Samuel"]
[Black "Arlt, Klaus"]
[Result "0-1"]
[WhiteElo "1982"]
[BlackElo "2069"]
[PlyCount "72"]
[EventDate "2015.??.??"]
[WhiteTeam "SV Erftstadt e.V."]
[BlackTeam "SF Köln-Mülheim"]

1. e4 c5 2. c3 e5 3. d4 cxd4 4. cxd4 exd4 5. Qxd4 Nc6 6. Qd1 Nf6 7. Nc3 Bb4 8.
Bd2 O-O 9. Bd3 d5 10. exd5 Ne5 11. Bb5 a6 12. Qa4 Bf5 13. Be2 Bxc3 14. Bxc3
Qxd5 15. Nf3 Nxf3+ 16. Bxf3 Qd3 17. Be2 Rfe8 18. Qd1 Rxe2+ 19. Qxe2 Re8 20. Be5
Qxe2+ 21. Kxe2 Rxe5+ 22. Kf1 Bd3+ 23. Kg1 g6 24. h4 Re2 25. Rh3 Bb5 26. Rf3 Kg7
27. b3 Re4 28. g3 Re2 29. Re3 Rd2 30. Rf3 h6 31. a4 Bc6 32. Rf4 g5 33. hxg5
hxg5 34. Rb4 g4 35. Rf1 Bf3 36. Rb6 Rd8 0-1

[Event "11. Longericher Sommer-Open A"]
[Site "?"]
[Date "2014.08.03"]
[Round "5.15"]
[White "Lambertz, Michael"]
[Black "Wärtsch, Michael"]
[Result "1-0"]
[WhiteElo "1995"]
[BlackElo "1743"]
[PlyCount "29"]
[EventDate "2015.??.??"]
[WhiteTeam "SF Esch e.V."]
[BlackTeam "SG Lüdenscheid e"]

1. e4 c5 2. c3 Nf6 3. e5 Nd5 4. Bc4 Qc7 5. Nf3 e6 6. O-O Nc6 7. Re1 Be7 8. d4
Nb6 9. Bd3 cxd4 10. cxd4 Nb4 11. Be4 d5 12. exd6 Bxd6 13. Nc3 Bd7 14. a3 N4d5
15. Bxd5 1-0

[Event "11. Longericher Sommer-Open A"]
[Site "?"]
[Date "2014.08.03"]
[Round "5.16"]
[White "Ramien, David"]
[Black "Leontiev, Oleg"]
[Result "0-1"]
[WhiteElo "1880"]
[BlackElo "1900"]
[PlyCount "74"]
[EventDate "2015.??.??"]
[WhiteTeam "SG Porz e.V."]
[BlackTeam "1. Schach-Klub Troisdorf e.V."]

1. e4 e6 2. d4 d5 3. Nc3 Nf6 4. Bg5 dxe4 5. Nxe4 Be7 6. Bxf6 Bxf6 7. Nxf6+ Qxf6
8. Bd3 Bd7 9. c3 Bc6 10. Nf3 Bxf3 11. gxf3 Nd7 12. Be4 c6 13. Qb3 Rb8 14. O-O-O
O-O 15. Kb1 Qh4 16. Qc2 Nf6 17. Rdg1 Rfe8 18. Rg3 g6 19. Bd3 e5 20. dxe5 Rxe5
21. Qd2 Rd5 22. Re1 Rbd8 23. Re3 Qxh2 24. f4 Nh5 25. Rgf3 Kg7 26. f5 Qd6 27. c4
Rd4 28. Qc3 Kg8 29. fxg6 hxg6 30. c5 Qd5 31. Rh3 b6 32. cxb6 axb6 33. Be2 Qf5+
34. Kc1 b5 35. Rhf3 Qd5 36. Qc2 Nf4 37. b3 Nxe2+ 0-1

[Event "11. Longericher Sommer-Open A"]
[Site "?"]
[Date "2014.08.03"]
[Round "5.17"]
[White "Roefe, Detlef"]
[Black "Berkle, Pascal"]
[Result "0-1"]
[WhiteElo "1937"]
[BlackElo "1797"]
[PlyCount "138"]
[EventDate "2015.??.??"]
[WhiteTeam "SVigung 1928 Alsdorf e"]
[BlackTeam "SV Erftstadt e.V."]

1. d4 Nf6 2. c4 e6 3. Nf3 b6 4. e3 Bb7 5. Nbd2 d5 6. Bd3 dxc4 7. Bxc4 Nbd7 8.
b3 Be7 9. Bb2 c5 10. O-O O-O 11. Bd3 cxd4 12. exd4 Rc8 13. a3 Nd5 14. Nc4 Nf4
15. Bb1 Ba6 16. g3 Ng6 17. Bd3 Bb7 18. Qe2 Nf6 19. Nce5 Nd7 20. Nxg6 hxg6 21.
Rfc1 Rxc1+ 22. Rxc1 Nf6 23. Nd2 Qd6 24. f3 Nd5 25. Nc4 Qd8 26. Ne5 Qd6 27. Ba6
Ba8 28. Bb5 Bf6 29. Bc6 Bxe5 30. dxe5 Qb8 31. Bxa8 Qxa8 32. Kf2 Rc8 33. Rc4
Rxc4 34. bxc4 Ne7 35. Qd3 Qc8 36. Ke2 Nc6 37. Bc3 Qa6 38. c5 Qxa3 39. cxb6 axb6
40. Qc4 Na5 41. Qb4 Qxb4 42. Bxb4 Nc6 43. Bd6 b5 44. Kd3 Kh7 45. Ke4 g5 46. Ba3
Kg6 47. Bc1 f6 48. exf6 gxf6 49. f4 f5+ 50. Kd3 g4 51. Ke3 Kf7 52. Kf2 Ke7 53.
Kg2 Kd6 54. h4 gxh3+ 55. Kxh3 b4 56. g4 fxg4+ 57. Kxg4 b3 58. f5 e5 59. f6 Ke6
60. Kg5 Nd8 61. Kg4 Kxf6 62. Kf3 Kf5 63. Ke3 Nc6 64. Kd3 Nd4 65. Ke3 Nc6 66.
Kd3 Na5 67. Kc3 Ke4 68. Kb4 Kd3 69. Ba3 Nc4 0-1

[Event "11. Longericher Sommer-Open A"]
[Site "?"]
[Date "2014.08.03"]
[Round "5.19"]
[White "Kemper, Michael"]
[Black "Maczkowiak, Thomas"]
[Result "1/2-1/2"]
[WhiteElo "1839"]
[BlackElo "1948"]
[PlyCount "69"]
[EventDate "2015.??.??"]
[WhiteTeam "SV Bayer Dormagen 47"]
[BlackTeam "Märkischer Springer Halver-Schal"]

1. e4 c6 2. d4 d5 3. exd5 cxd5 4. Bd3 Nc6 5. c3 Nf6 6. Bf4 Bg4 7. Qb3 Qd7 8.
Nd2 e6 9. h3 Bh5 10. Ngf3 a6 11. O-O Be7 12. Rfe1 O-O 13. Re3 Bd6 14. Ne5 Qc7
15. Rae1 Nd7 16. Qc2 Bg6 17. Bg3 Bxd3 18. Qxd3 Ndxe5 19. dxe5 Be7 20. Bf4 Rac8
21. h4 Rfd8 22. Rg3 Na5 23. Qf3 Nc4 24. Qg4 Bf8 25. Nf3 Kh8 26. Bg5 g6 27. Bf6+
Bg7 28. Qg5 Nxb2 29. Bxg7+ Kxg7 30. Qf6+ Kf8 31. h5 Ke8 32. hxg6 hxg6 33. Nd4
Qe7 34. Qxe7+ Kxe7 35. Rb1 1/2-1/2

[Event "11. Longericher Sommer-Open A"]
[Site "?"]
[Date "2014.08.03"]
[Round "5.20"]
[White "Schwark, Mario"]
[Black "Meyer, Stefan"]
[Result "0-1"]
[WhiteElo "1933"]
[BlackElo "1740"]
[PlyCount "94"]
[EventDate "2015.??.??"]
[WhiteTeam "SG Kalker/Deutze"]
[BlackTeam "SV Grevenbroich 1953"]

1. d4 Nf6 2. c4 Nc6 3. Nf3 e6 4. Bg5 Bb4+ 5. Nc3 h6 6. Bh4 g5 7. Bg3 Ne4 8. Rc1
f5 9. d5 f4 10. dxc6 fxg3 11. Qd4 Bxc3+ 12. bxc3 gxf2+ 13. Kd1 dxc6 14. Kc2
Qxd4 15. cxd4 Nd6 16. Kd3 Nf7 17. e4 O-O 18. e5 Rd8 19. g4 c5 20. Ke4 b6 21. d5
exd5+ 22. cxd5 Bxg4 23. Bg2 Bxf3+ 24. Bxf3 Nxe5 25. Kxe5 Re8+ 26. Kf5 Rf8+ 27.
Kg4 Rae8 28. Rhf1 h5+ 29. Kg3 Re3 30. Rxf2 g4 31. Kh4 Rfxf3 32. Rxf3 Rxf3 33.
Kxh5 Rh3+ 34. Kxg4 Rxh2 35. Kf5 Rxa2 36. Ke6 Rd2 37. Rf1 c4 38. Rf5 c3 39. Rf3
c2 40. Rc3 b5 41. Rxc7 b4 42. d6 b3 43. d7 Rxd7 44. Kxd7 b2 45. Rxc2 b1=Q 46.
Rg2+ Kf7 47. Rf2+ Kg6 0-1

[Event "11. Longericher Sommer-Open A"]
[Site "?"]
[Date "2014.08.03"]
[Round "5.21"]
[White "Yon, Gregory"]
[Black "Kuhn, Andreas"]
[Result "0-1"]
[WhiteElo "1658"]
[BlackElo "1926"]
[PlyCount "110"]
[EventDate "2015.??.??"]
[WhiteTeam "Turnerschaft Bergisch Gladbach 1"]
[BlackTeam "SG Niederkassel"]

1. c4 g6 2. Nf3 Bg7 3. d4 d6 4. Nc3 Nf6 5. g3 O-O 6. Bg2 Nbd7 7. O-O e5 8. Bg5
h6 9. Bxf6 Qxf6 10. dxe5 dxe5 11. e4 c6 12. b4 a5 13. a3 Rd8 14. Qe2 Nf8 15. b5
Bg4 16. h3 Bxf3 17. Bxf3 Ne6 18. Bg2 Nd4 19. Qa2 Bf8 20. bxc6 bxc6 21. Rab1
Rdb8 22. Na4 Qe7 23. c5 Qe6 24. Qxe6 Nxe6 25. Rb6 Nxc5 26. Rfb1 Nd7 27. Rb7
Bxa3 28. Rxb8+ Rxb8 29. Rxb8+ Nxb8 30. Nb6 Bb2 31. Bf1 Bd4 32. Na4 Kf8 33. Bc4
Ke7 34. Kf1 Nd7 35. Ke2 f6 36. f3 Kd6 37. h4 Nc5 38. Nxc5 Kxc5 39. Bf7 g5 40.
h5 Kb4 41. Kd2 c5 42. Ba2 c4 43. Kc2 a4 44. g4 Kc5 45. Bb1 a3 46. Ba2 Bf2 47.
Kd2 Kd4 48. Bb1 Bg3 49. Ba2 Bf4+ 50. Ke2 Kc3 51. Kd1 Be3 52. Ke2 Bd4 53. Kd1
Kd3 54. Bb1+ Ke3 55. Ba2 Kxf3 0-1

[Event "11. Longericher Sommer-Open A"]
[Site "?"]
[Date "2014.08.03"]
[Round "5.22"]
[White "Kossack, Philipp"]
[Black "Martens, Alexander"]
[Result "1/2-1/2"]
[WhiteElo "1913"]
[BlackElo "1687"]
[PlyCount "38"]
[EventDate "2015.??.??"]
[WhiteTeam "SG Porz e.V."]
[BlackTeam "SG Porz e.V."]

1. e4 c5 2. Nf3 d6 3. d4 cxd4 4. Nxd4 Nf6 5. Nc3 a6 6. Be2 e5 7. Nb3 Be7 8. Be3
Be6 9. O-O O-O 10. a4 d5 11. exd5 Nxd5 12. Nxd5 Qxd5 13. Bf3 e4 14. Be2 Nc6 15.
Nd2 f5 16. Nc4 Qxd1 17. Rfxd1 Nb4 18. Rac1 f4 19. Bd4 f3 1/2-1/2

[Event "11. Longericher Sommer-Open A"]
[Site "?"]
[Date "2014.08.03"]
[Round "5.23"]
[White "Heyn, Peter"]
[Black "Suvorov, Luca"]
[Result "1/2-1/2"]
[WhiteElo "1882"]
[BlackElo "1644"]
[PlyCount "45"]
[EventDate "2015.??.??"]
[WhiteTeam "Düsseldorfer SV 1854"]
[BlackTeam "SG Porz e.V."]

1. d4 d5 2. Nf3 Nf6 3. e3 e6 4. Bd3 c5 5. c3 Nc6 6. Nbd2 Bd6 7. O-O O-O 8. Qe2
cxd4 9. exd4 Qc7 10. Re1 a6 11. Ne5 Bxe5 12. dxe5 Nd7 13. Nf3 g6 14. Bf4 Nc5
15. Bc2 f5 16. Rad1 b5 17. Nd4 Nxd4 18. cxd4 Na4 19. Bxa4 bxa4 20. Rc1 Qb6 21.
Qd2 Rb8 22. Rc2 Bd7 23. Re3 1/2-1/2

[Event "11. Longericher Sommer-Open A"]
[Site "?"]
[Date "2014.08.03"]
[Round "5.24"]
[White "Alexopoulos, Spiros Orestis"]
[Black "Küpper, Martin"]
[Result "0-1"]
[WhiteElo "1761"]
[BlackElo "1904"]
[PlyCount "66"]
[EventDate "2015.??.??"]
[WhiteTeam "Aachener SV 1856 e.V."]
[BlackTeam "SC Fulda"]

1. c4 e5 2. Nc3 Nc6 3. g3 Nf6 4. Bg2 Bb4 5. e4 d6 6. Nge2 a5 7. O-O Bc5 8. h3
O-O 9. d3 h6 10. Kh2 Nh7 11. g4 Ne7 12. Ng3 Ng6 13. Nf5 Ng5 14. Ne2 Ne6 15. f4
Ngxf4 16. Nxf4 Nxf4 17. Bxf4 exf4 18. Rxf4 Bxf5 19. gxf5 Bd4 20. Kh1 Qf6 21.
Bf3 c6 22. Rb1 b5 23. Qe2 Rab8 24. b3 a4 25. b4 c5 26. a3 cxb4 27. Rxb4 bxc4
28. dxc4 Rxb4 29. axb4 a3 30. Qa2 Bb2 31. Rg4 Qc3 32. Bg2 Qe1+ 33. Kh2 Be5+ 0-1

[Event "11. Longericher Sommer-Open A"]
[Site "?"]
[Date "2014.08.03"]
[Round "5.25"]
[White "Gelsok, Philipp"]
[Black "Ringeltaube, Denny"]
[Result "1-0"]
[WhiteElo "1877"]
[BlackElo "1754"]
[PlyCount "25"]
[EventDate "2015.??.??"]
[WhiteTeam "Bergische SF 1923 Ber"]
[BlackTeam "Klub Kölner SF e.V. 1"]

1. e4 c5 2. Nf3 d6 3. d4 cxd4 4. Nxd4 Nf6 5. Nc3 a6 6. Bc4 e6 7. Bb3 b5 8. O-O
Be7 9. f4 b4 10. Na4 Nxe4 11. f5 O-O 12. fxe6 f6 13. Bd5 1-0

[Event "11. Longericher Sommer-Open A"]
[Site "?"]
[Date "2014.08.03"]
[Round "5.27"]
[White "Hoffmann, Philipp"]
[Black "Runte, Dirk"]
[Result "1-0"]
[WhiteElo "1907"]
[BlackElo "1758"]
[PlyCount "111"]
[EventDate "2015.??.??"]
[WhiteTeam "Oberbilker SV 1960"]
[BlackTeam "SV Fideler Bauer Lever"]

1. e4 c5 2. d4 cxd4 3. c3 dxc3 4. Nxc3 Nc6 5. Nf3 d6 6. Bc4 e6 7. O-O Be7 8.
Qe2 Nf6 9. Rd1 e5 10. h3 O-O 11. Be3 a6 12. Rac1 Qa5 13. Bb3 Nd8 14. Nd5 Nxd5
15. Rxd5 b5 16. Nd2 Ne6 17. Nc4 Qd8 18. Nxe5 Bb7 19. Nc6 Bxc6 20. Rxc6 Qd7 21.
Rc1 Rac8 22. Rcd1 Qb7 23. f3 Nc5 24. Bc2 a5 25. Bf4 Qb6 26. Kh1 Rfd8 27. Be3
Qc6 28. Qd2 g6 29. Bb1 b4 30. Kh2 Na4 31. Rxa5 Nc5 32. Qxb4 Rb8 33. Qd2 d5 34.
e5 Ne6 35. Bd4 Bb4 36. Bc3 Bxa5 37. Bxa5 Rd7 38. Rc1 Qb5 39. b3 d4 40. f4 d3
41. Bc3 Nc5 42. Qe3 Rbd8 43. Rd1 Nxb3 44. axb3 Qxb3 45. Qd2 Rc8 46. Ba5 Rc2 47.
Qe3 Rxg2+ 48. Kxg2 Qxd1 49. e6 Qxb1 50. exd7 Qb7+ 51. Kf2 Qxd7 52. Bc3 Qa4 53.
Bd2 Qd7 54. Bc3 Qa4 55. Qd4 Qc2+ 56. Kg3 1-0

[Event "?"]
[Site "?"]
[Date "2014.08.01"]
[Round "1.1"]
[White "Theißen, Frank"]
[Black "Seibt, Sascha"]
[Result "1-0"]
[WhiteElo "1740"]
[BlackElo "1613"]
[PlyCount "73"]
[EventDate "2015.??.??"]
[WhiteTeam "Turnverein Borken 1922 e.V."]
[BlackTeam "DJK Aufwärts St. Josef Aachen 19"]

1. e4 c5 2. Nc3 d6 3. g3 Nf6 4. Bg2 Nc6 5. d3 e6 6. f4 a6 7. Nf3 Be7 8. O-O O-O
9. h3 Nd7 10. f5 exf5 11. exf5 Nb6 12. g4 Re8 13. Bf4 d5 14. Re1 h6 15. Qd2 Bd7
16. Ne2 Bf6 17. c3 Ne5 18. Nxe5 Bxe5 19. Ng3 Qc7 20. Rxe5 Rxe5 21. d4 Nc4 22.
Qf2 cxd4 23. cxd4 Qb6 24. dxe5 Qxf2+ 25. Kxf2 Nxb2 26. Bxd5 Rc8 27. Rb1 Rc2+
28. Ke3 Ba4 29. Ne2 Bb5 30. Ng3 Ba4 31. Kf3 Rc3+ 32. Be3 Nd1 33. Nf1 Bc2 34.
Rxb7 Bd3 35. Rb8+ Kh7 36. Bxf7 Bxf1 37. Bg6# 1-0

[Event "?"]
[Site "?"]
[Date "2014.08.01"]
[Round "1.2"]
[White "Ipekyilmaz, Tayfun"]
[Black "Andrijenko, Anatoliy"]
[Result "0-1"]
[WhiteElo "1603"]
[BlackElo "1725"]
[PlyCount "56"]
[EventDate "2015.??.??"]
[WhiteTeam "Langenfelder SF 1933"]
[BlackTeam "SF Köln-Longerich 195"]

1. e4 c5 2. f4 g6 3. Bc4 Bg7 4. Nc3 e6 5. Nf3 a6 6. a4 Nc6 7. d3 Nge7 8. Qe2
O-O 9. g4 d5 10. Ba2 Nd4 11. Qg2 Nxf3+ 12. Qxf3 b5 13. h4 Bb7 14. h5 f5 15.
hxg6 hxg6 16. gxf5 gxf5 17. Qh5 Rf6 18. Qh7+ Kf7 19. exd5 exd5 20. Rg1 Qh8 21.
Qxh8 Rxh8 22. axb5 axb5 23. Nxb5 Re6+ 24. Kd1 Rh2 25. Re1 Rxe1+ 26. Kxe1 Bc6
27. Na3 Bh6 28. Be3 Rh1+ 0-1

[Event "?"]
[Site "?"]
[Date "2014.08.01"]
[Round "1.3"]
[White "Herms, Stefan"]
[Black "Sewald, Jörg"]
[Result "1/2-1/2"]
[WhiteElo "1712"]
[BlackElo "1584"]
[PlyCount "56"]
[EventDate "2015.??.??"]
[WhiteTeam "SC Erkrath 1973"]
[BlackTeam "SF Esch e.V."]

1. e4 g6 2. g3 b6 3. Bg2 Bb7 4. c4 e6 5. Nc3 Bg7 6. Nge2 Ne7 7. O-O d6 8. d3
Nd7 9. Be3 a6 10. Qd2 h6 11. d4 g5 12. f4 f6 13. fxg5 hxg5 14. Bxg5 fxg5 15.
Qxg5 Bf6 16. Rxf6 Nxf6 17. Qxf6 Kd7 18. Nf4 Qg8 19. Bh3 Rxh3 20. Nxh3 Rf8 21.
Qg5 Qh8 22. Nf2 Qxd4 23. Rf1 Qxc4 24. h4 Qd4 25. h5 Rg8 26. Qf4 Nf5 27. Ne2
Qxb2 28. exf5 Qxe2 1/2-1/2

[Event "?"]
[Site "?"]
[Date "2014.08.01"]
[Round "1.4"]
[White "Kronseder, Michael"]
[Black "Jantz, Heiko"]
[Result "1/2-1/2"]
[WhiteElo "1581"]
[BlackElo "1707"]
[PlyCount "62"]
[EventDate "2015.??.??"]
[WhiteTeam "SV 1925 Hürth-Berrenra"]
[BlackTeam "SF Sinzig"]

1. e4 d6 2. d4 Nf6 3. Nc3 g6 4. f4 Bg7 5. Nf3 O-O 6. Be2 c6 7. O-O Nbd7 8. h3
b5 9. e5 Ne8 10. Be3 Nc7 11. Ne4 f6 12. Qd2 fxe5 13. fxe5 dxe5 14. Bh6 exd4 15.
Bxg7 Kxg7 16. Nxd4 Nf6 17. Nxf6 exf6 18. Rad1 Ne6 19. Nxc6 Qb6+ 20. Nd4 Rd8 21.
c3 Bb7 22. Kh1 Nxd4 23. cxd4 a6 24. Bf3 Ra7 25. d5 Rd6 26. Rfe1 Qd8 27. Qd4 Ra8
28. Qe4 Kf7 29. Qh4 Kg7 30. Qe4 Kf7 31. Qh4 Kg7 1/2-1/2

[Event "?"]
[Site "?"]
[Date "2014.08.01"]
[Round "1.5"]
[White "Schwab, Wolfgang"]
[Black "Pislaru, Adrian"]
[Result "1/2-1/2"]
[WhiteElo "1692"]
[BlackElo "1569"]
[PlyCount "106"]
[EventDate "2015.??.??"]
[WhiteTeam "SV Turm Sankt Augustin"]
[BlackTeam "SG Porz e.V."]

1. c4 Nf6 2. g3 g6 3. Bg2 Bg7 4. e3 d6 5. Nc3 O-O 6. Nge2 e5 7. O-O Nbd7 8. d3
a5 9. b3 Nc5 10. Ba3 Na6 11. Qd2 c6 12. Rab1 Re8 13. Rfd1 Nb4 14. Na4 c5 15.
Nec3 Rb8 16. Nb5 Bf5 17. Bxb4 axb4 18. a3 bxa3 19. Nxa3 Bd7 20. Nc3 Bc6 21.
Nab5 Qe7 22. Ra1 Ra8 23. Ra7 Rxa7 24. Nxa7 Bxg2 25. Kxg2 Ra8 26. Ra1 b6 27.
Ncb5 Ne8 28. Ra4 Qd7 29. e4 Nc7 30. Nxc7 Qxc7 31. Nb5 Qd8 32. Rxa8 Qxa8 33.
Nxd6 Qc6 34. Nb5 Qa8 35. Nc7 Qa3 36. Qc2 Qa7 37. Nd5 f6 38. Qb1 g5 39. b4 Kf7
40. bxc5 bxc5 41. Qb5 Bf8 42. Qc6 Be7 43. Ne3 h5 44. Nf5 Kf8 45. Qe6 Qc7 46.
Qxe7+ Qxe7 47. Nxe7 Kxe7 48. h3 Kd6 49. f3 Ke6 50. Kf2 f5 51. exf5+ Kxf5 52.
Ke3 h4 53. g4+ Kf6 1/2-1/2

[Event "?"]
[Site "?"]
[Date "2014.08.01"]
[Round "1.6"]
[White "Mersch, Peter Daniel"]
[Black "Auschkalnis, Reinhard"]
[Result "0-1"]
[WhiteElo "1548"]
[BlackElo "1689"]
[PlyCount "96"]
[EventDate "2015.??.??"]
[WhiteTeam "Klub Kölner SF e.V. 1"]
[BlackTeam "SC Bonn Beuel"]

1. e4 c6 2. d4 d5 3. Nc3 dxe4 4. Nxe4 Bf5 5. Ng3 Bg6 6. Nf3 Nd7 7. h4 h6 8. Bc4
Ngf6 9. c3 e6 10. Qe2 Be7 11. Be3 O-O 12. Bd3 Bxd3 13. Qxd3 c5 14. Ne2 cxd4 15.
Bxd4 Qc7 16. O-O-O e5 17. Nxe5 Nxe5 18. Qe3 Nc6 19. f3 Nxd4 20. Nxd4 Bc5 21.
Rdg1 Rad8 22. Kb1 Qb6 23. Rd1 Rfe8 24. Qd2 Bxd4 25. cxd4 Rd5 26. g4 Red8 27. g5
Rxd4 28. Qc2 Rxd1+ 29. Rxd1 Rxd1+ 30. Qxd1 hxg5 31. hxg5 Nh5 32. a3 Qg6+ 33.
Ka2 Qxg5 34. Qd7 Nf6 35. Qxb7 Qd5+ 36. Qxd5 Nxd5 37. b4 Kf8 38. Kb3 Ke7 39. Kc4
Kd6 40. a4 f5 41. Kb5 Nc7+ 42. Kc4 g5 43. Kd4 Ne6+ 44. Ke3 Kd5 45. Kd3 Nd4 46.
b5 Nxf3 47. a5 Ne5+ 48. Ke3 Nc4+ 0-1

[Event "?"]
[Site "?"]
[Date "2014.08.01"]
[Round "1.7"]
[White "Liebsch, Ulrich"]
[Black "Gail, Edgar"]
[Result "1-0"]
[WhiteElo "1669"]
[BlackElo "1538"]
[PlyCount "51"]
[EventDate "2015.??.??"]
[WhiteTeam "SC Bayer Leverkusen e.V."]
[BlackTeam "Klub Kölner SF e.V. 1"]

1. c4 g6 2. Nc3 Bg7 3. d4 e6 4. e4 b6 5. Nf3 Bb7 6. Be2 Ne7 7. O-O O-O 8. Bg5
h6 9. Bh4 d6 10. Rc1 Nd7 11. Re1 Qe8 12. Nb5 Rc8 13. Nxa7 Ra8 14. Nb5 Rxa2 15.
Nxc7 Qd8 16. Qb3 Ra5 17. Nb5 Bxe4 18. Nxd6 Bc6 19. Ra1 Rxa1 20. Rxa1 Bxd4 21.
Nxd4 Nc5 22. Qg3 g5 23. Bxg5 hxg5 24. Qxg5+ Kh7 25. Nxc6 Qxd6 26. Qxe7 1-0

[Event "?"]
[Site "?"]
[Date "2014.08.01"]
[Round "1.8"]
[White "Siepen, Ralf"]
[Black "Lechner, Alexander"]
[Result "0-1"]
[WhiteElo "1522"]
[BlackElo "1666"]
[PlyCount "82"]
[EventDate "2015.??.??"]
[WhiteTeam "SC Bayer Uerdingen 1923"]
[BlackTeam "SG Porz e.V."]

1. d4 Nf6 2. Nf3 g6 3. e3 Bg7 4. Be2 d5 5. c4 Nbd7 6. Nc3 Nb6 7. Ne5 dxc4 8.
Nxc4 Nfd5 9. e4 Nxc3 10. bxc3 c5 11. Be3 O-O 12. O-O Qc7 13. Qc1 cxd4 14. Nxb6
Qxb6 15. cxd4 Bxd4 16. Bxd4 Qxd4 17. Qc4 Qxc4 18. Bxc4 Bd7 19. Rfd1 Bc6 20. Bd5
Bxd5 21. Rxd5 Rfd8 22. Rad1 Rxd5 23. Rxd5 Rc8 24. g3 Rc7 25. Rd3 Kf8 26. Kg2
Ke8 27. Kf3 f6 28. Ke3 e5 29. Ra3 a6 30. Rd3 Ke7 31. Kd2 Rd7 32. Ke3 Rxd3+ 33.
Kxd3 Kd6 34. Kc4 Kc6 35. a4 b5+ 36. axb5+ axb5+ 37. Kb4 h5 38. f4 g5 39. fxe5
fxe5 40. h3 g4 41. h4 Kb6 0-1

[Event "?"]
[Site "?"]
[Date "2014.08.01"]
[Round "1.9"]
[White "Reinartz, Ulrich"]
[Black "Hertling, Jürgen"]
[Result "0-1"]
[WhiteElo "1661"]
[BlackElo "1512"]
[PlyCount "68"]
[EventDate "2015.??.??"]
[WhiteTeam "Vereinslos"]
[BlackTeam "SF Köln-Mülheim e.V."]

1. e4 e5 2. Nf3 Nc6 3. d4 exd4 4. Nxd4 Nxd4 5. Qxd4 b6 6. Bc4 Bb7 7. O-O Qf6 8.
e5 Qg6 9. Bd5 Bc5 10. Qc4 Bxd5 11. Qxd5 c6 12. Qb3 Ne7 13. Nc3 O-O 14. Bf4 Nf5
15. Na4 Nd4 16. Qc4 b5 17. Qxc5 Ne2+ 18. Kh1 Nxf4 19. g3 Ne6 20. Qd6 Qe4+ 21.
f3 Qxa4 22. c3 Qc2 23. Rab1 Qe2 24. Kg1 Ng5 25. Qd1 Nh3+ 26. Kh1 Nf2+ 27. Rxf2
Qxf2 28. Qd3 Rae8 29. f4 d6 30. Rf1 Qxb2 31. Re1 dxe5 32. f5 Rd8 33. Qe4 Qxa2
34. f6 Qd5 0-1

[Event "?"]
[Site "?"]
[Date "2014.08.01"]
[Round "1.10"]
[White "Pohl, Stefan"]
[Black "Margenberg, Volker"]
[Result "0-1"]
[WhiteElo "1506"]
[BlackElo "1655"]
[PlyCount "50"]
[EventDate "2015.??.??"]
[WhiteTeam "Klub Kölner SF e.V. 1"]
[BlackTeam "SV Wiehl 1923 e.V."]

1. e4 e6 2. d4 d5 3. exd5 exd5 4. Nf3 Nc6 5. Nc3 Nf6 6. Bb5 Bb4 7. Qe2+ Ne4 8.
Nd2 O-O 9. Ndxe4 dxe4 10. Bxc6 bxc6 11. Bd2 Re8 12. Qe3 Bf5 13. O-O Re6 14. Ne2
Bd6 15. Ng3 Bg6 16. Rae1 Rb8 17. b3 f5 18. Qg5 Qf8 19. h4 h6 20. Qe3 f4 21. Qe2
fxg3 22. fxg3 Qe7 23. Qg4 Rf6 24. h5 Rxf1+ 25. Rxf1 e3 0-1

[Event "?"]
[Site "?"]
[Date "2014.08.01"]
[Round "1.11"]
[White "Plitt, Stefan"]
[Black "Sewald, Richard"]
[Result "1-0"]
[WhiteElo "1655"]
[BlackElo "1501"]
[PlyCount "53"]
[EventDate "2015.??.??"]
[WhiteTeam "SV Grünfeld e.V."]
[BlackTeam "SG Porz e.V."]

1. c4 Nf6 2. d4 e6 3. Nf3 b6 4. Nc3 Bb7 5. a3 Be7 6. e3 h6 7. Bd3 d5 8. cxd5
exd5 9. O-O O-O 10. b4 a6 11. Re1 Re8 12. Bb2 Nbd7 13. Rc1 Rc8 14. Ne5 Bd6 15.
Bxa6 Rb8 16. Bxb7 Rxb7 17. Nc6 Qc8 18. Qb3 Nb8 19. Nxd5 Nxc6 20. Nxf6+ gxf6 21.
Rxc6 Kg7 22. Qd5 Qd7 23. Qf3 Kf8 24. d5 Be5 25. Bxe5 fxe5 26. Rxh6 Rbb8 27. Qf6
1-0